| 000 | 00361nam a22001457a 4500 | ||
|---|---|---|---|
| 008 | 250507b |||||||| |||| 00| 0 eng d | ||
| 020 | _a9780393675627 | ||
| 050 |
_aE178 _b.F66 |
||
| 100 | _aFoner Eric | ||
| 245 | _aGive Liberty An America History | ||
| 250 | _a6th | ||
| 260 |
_aNew York _bW.W. Norton And Company _c2020 |
||
| 300 | _axiiv, 156P. | ||
| 942 | _cBK | ||
| 999 |
_c3337 _d3337 |
||